| 000 | 00000cas 2200000zi 4500 |
| 001 | 9.940019 |
| 003 | CaOODSP |
| 005 | 20260326132130 |
| 006 | m o d f |
| 007 | cr cn |||||||| |
| 008 | 240628c20219999bccar p o f0 0fre|d |
| 040 | |aCaOODSP|bfre|erda|cCaOODSP |
| 043 | |an-cn---|an-cn-bc |
| 086 | 1 |aTQ2-4F-PDF |
| 110 | 2 |aAdministration de pilotage du Pacifique (Canada)|eauteur, |eorganisme de publication. |
| 245 | 10|aLoi sur l'accès à l'information et Loi sur la protection des renseignements personnels / |cAdministration de pilotage du Pacifique. |
| 264 | 1|aVancouver (Colombie-Britannique) : |bAdministration de pilotage du Pacifique = Pacific Pilotage Authority, |c[2021]- |
| 310 | |aAnnuel |
| 336 | |atexte|btxt|2rdacontent/fre |
| 337 | |ainformatique|bc|2rdamedia/fre |
| 338 | |aressource en ligne|bcr|2rdacarrier/fre |
| 362 | 1 |aParaît depuis : 1er avril 2020 au 31 mars 2021. |
| 500 | |aPublié aussi en anglais sous le titre : Access to information and privacy report. |
| 588 | |aDescription d'après : 1er avril 2020 au 31 mars 2021; titre de la page couverture du fichier PDF. |
| 588 | |aDernière livraison consultée : 1er avril 2022 au 31 mars 2023. |
| 610 | 26|aAdministration de pilotage du Pacifique (Canada)|vPériodiques. |
| 610 | 16|aCanada. |tLoi sur l'accès à l'information|vPériodiques. |
| 610 | 16|aCanada. |tLoi sur la protection des renseignements personnels|vPériodiques. |
| 650 | 6|aInformation sur l'État|zCanada|vPériodiques. |
| 650 | 6|aLiberté d'information|zCanada|vPériodiques. |
| 650 | 6|aDroit à la vie privée|zCanada|vPériodiques. |
| 655 | 7|aPériodiques|2rvmgf |
| 775 | 08|tAccess to information and privacy report / |w(CaOODSP)9.940020 |
| 775 | 08|tAccess to information and privacy act / |w(CaOODSP)9.940031 |